Integrating technology in nursing education : (Record no. 25487)
[ view plain ]
| 000 -LEADER | |
|---|---|
| fixed length control field | 01652cam a22002655a 4500 |
| 001 - CONTROL NUMBER | |
| control field | 15916102 |
| 005 - DATE AND TIME OF LATEST TRANSACTION | |
| control field | 20171016114623.0 |
| 008 - FIXED-LENGTH DATA ELEMENTS--GENERAL INFORMATION | |
| fixed length control field | 090918t2011 maua frb 001 0 eng d |
| 020 ## - INTERNATIONAL STANDARD BOOK NUMBER | |
| International Standard Book Number | 9780763768713 |
| 020 ## - INTERNATIONAL STANDARD BOOK NUMBER | |
| International Standard Book Number | 0763768715 |
| 040 ## - CATALOGING SOURCE | |
| Original cataloging agency | DNLM/DLC |
| Transcribing agency | DLC |
| Language of cataloging | eng |
| Modifying agency | EG-ScBUE |
| 082 04 - DEWEY DECIMAL CLASSIFICATION NUMBER | |
| Edition number | 22 |
| Classification number | 610.730711 |
| Item number | INT |
| 245 00 - TITLE STATEMENT | |
| Title | Integrating technology in nursing education : |
| Remainder of title | tools for the knowledge era / |
| Statement of responsibility, etc | Kathleen Garver Mastrian ... [et al.] |
| 260 ## - PUBLICATION, DISTRIBUTION, ETC. (IMPRINT) | |
| Place of publication, distribution, etc | Sudbury : |
| Name of publisher, distributor, etc | Jones and Bartlett Publishers, |
| Date of publication, distribution, etc | c.2011. |
| 300 ## - PHYSICAL DESCRIPTION | |
| Extent | xix, 378 p. : |
| Other physical details | ill. ; |
| Dimensions | 23 cm. |
| 504 ## - BIBLIOGRAPHY, ETC. NOTE | |
| Bibliography, etc | Includes bibliographical references and index. |
| 505 0# - FORMATTED CONTENTS NOTE | |
| Formatted contents note | Preparing nurses for contemporary practice -- The changing healthcare arena -- The changing student : the Net generation -- Changing faculty -- The changing higher education institution -- Overview of learning theories -- Instructional design theories -- The instructional design process -- Instruction media selection -- Copyright/fair use and education -- Variations in learning environments -- Web 1.0, 2.0, 3.0, 4.0., and beyond -- Educational simulations, virtual worlds, and games -- The 3 D's of clinical practice simulation : development, delivery, and debriefing / by Nick Miehl -- Informatics competencies and clinical practice tools -- Technology tools for outcomes assessment -- Knowledge era communities of practice and learning -- Imagining the future. |
| 650 #7 - SUBJECT ADDED ENTRY--TOPICAL TERM | |
| Topical term or geographic name as entry element | Nursing |
| General subdivision | Study and teaching. |
| Source of heading or term | BUEsh |
| 9 (RLIN) | 36329 |
| 650 #7 - SUBJECT ADDED ENTRY--TOPICAL TERM | |
| Topical term or geographic name as entry element | Educational technology. |
| Source of heading or term | BUEsh |
| 9 (RLIN) | 39777 |
| 651 ## - SUBJECT ADDED ENTRY--GEOGRAPHIC NAME | |
| Source of heading or term | BUEsh |
| 653 ## - INDEX TERM--UNCONTROLLED | |
| Resource For college | Nursing |
| Arrived date list | October2017 |
| 655 ## - INDEX TERM--GENRE/FORM | |
| Form subdivision | Text book |
| -- | 33728 |
| 700 1# - ADDED ENTRY--PERSONAL NAME | |
| Personal name | Mastrian, Kathleen Garver. |
| 942 ## - ADDED ENTRY ELEMENTS (KOHA) | |
| Source of classification or shelving scheme | Dewey Decimal Classification |
| Withdrawn status | Item status | Source of classification or shelving scheme | Damaged status | Not for loan | Vendor | Home library | Current library | Shelving location | Date acquired | Source of acquisition | Cost, normal purchase price | Total Checkouts | Full call number | Barcode | Date last seen | Koha item type |
|---|---|---|---|---|---|---|---|---|---|---|---|---|---|---|---|---|
| Dewey Decimal Classification | Baccah | Central Library | Central Library | First floor | 16/10/2017 | Purchase | 1950.00 | 610.730711 INT | 000042135 | 15/07/2025 | NB - Book (Non borrowing) | |||||
| Dewey Decimal Classification | Baccah | Central Library | Central Library | First floor | 16/10/2017 | Purchase | 610.730711 INT | 000042136 | 22/10/2025 | NB - Book (Non borrowing) | ||||||
| Dewey Decimal Classification | Baccah | Central Library | Central Library | First floor | 16/10/2017 | Purchase | 610.730711 INT | 000042137 | 15/07/2025 | Book - Borrowing | ||||||
| Dewey Decimal Classification | Baccah | Central Library | Central Library | First floor | 16/10/2017 | Purchase | 610.730711 INT | 000042138 | 15/07/2025 | Book - Borrowing | ||||||
| Dewey Decimal Classification | Baccah | Central Library | Central Library | First floor | 16/10/2017 | Purchase | 610.730711 INT | 000042139 | 15/07/2025 | Book - Borrowing |